000 01322nam a2200325 i 4500
003 EG-GICUC
005 20260121130359.0
008 260120s1977 ua ad||f |||| 00| 0 ara d
040 _a EG-GICUC
_bara
_c EG-GICUC
_d EG-GICUC
_erda
041 _aara
082 0 4 _221
_a345.4
_bص ل . ت
092 0 4 _221
099 _aLaw1 07 345.4 ص ل . ت 1977
100 0 _aصلاح الدين عبد العزيز محمد
_eمترجم.
245 1 0 _aتقييم المدخلات والمخرجات في إدارة الأفراد /
_cترجمة وإعداد صلاح الدين عبد العزيز محمد .
264 1 _aالقاهرة :
_bالمنظمة العربية للعلوم الإدارية ،
_c1977 .
300 _a182 ؛ صفحة
_bإيضاحيات، جداول ؛
_c24 سم
336 _2rda content
_atext
337 _2rda media
_aComputer
338 _2rda carrier
_aOnline Resource
490 _aسلسلة الفكر الإداري المعاصر
_v21
504 _a.182 ببليوجرافيا: صفحة.
650 1 4 _aالوظائف العامة
_2qrmak
650 1 4 _aالقانون الإداري
651 1 _2qrmak
830 _aسلسلة الفكر الإداري المعاصر
_v21
856 4 0 _uhttps://fll.law.cu.edu.eg/fulltext/bks/B07-00212.pdf
905 _a61
942 _2ddc
_cBK
_e21
_n0
999 _c58293
_d58293